Statistics for Country names in German

Click here to take the quiz!

General Stats

  • This quiz has been taken 6 times
    (3 since last reset)
  • The average score is 21 of 28

Answer Stats

English German % Correct
AlbaniaAlbanien
100%
RussiaRussland
100%
SerbiaSerbien
100%
ItalyItalien
100%
AlgeriaAlgerien
100%
IndonesiaIndonesien
100%
IndiaIndien
100%
SyriaSyrien
100%
GermanyDeutschland
100%
FranceFrankreich
100%
TunisiaTunisien
100%
CroatiaKroatien
100%
BulgariaBulgarien
100%
BrazilBrazilien
100%
BelgiumBelgien
100%
AustraliaAustralien
100%
Saudi ArabiaSaudi Arabien
100%
SpainSpanien
67%
IrelandIrland
67%
PolandPolen
67%
HungaryUngarn
67%
NorwayNorwegen
33%
MongoliaMongolei
33%
SwitzerlandSchweiz
33%
GreeceGriechenland
33%
TurkeyTurkei
33%
New ZealandNeuseeland
0%
CyprusZypern
0%

Score Distribution

Percentile by Number Answered

Percent of People with Each Score

Your Score History

You have not taken this quiz since the last reset